Danse avec les Stars - Partenaires de Christophe Licata - Statistiques

Statistiques générales
  • Ce quiz a été pris 131 fois
    50 depuis la dernière actualisation
  • Le résultat moyen est 6 sur 15
Statistiques - réponses
Saisons Professions Célébrités % Correct
Saison 14 Comédienne Mayane
90%
Saison 15 Star Academy Lucie Bernardoni
85%
Saison 13 Humoriste Inès Reg
78%
Saison 3 Chanteuse Amel Bent
55%
Saison 8 Présentatrice météo Tatiana Silva
53%
Saison 7 Miss France Sylvie Tellier
45%
Saison 12 Influenceuse Léa Elui
40%
Saison 11 Danseuse burlesque Dita Von Teese
35%
Saison 6 Chanteuse Priscilla Betti
33%
Saison 10 Actrice et miss France Linda Hardy
30%
Saison 1 Actrice Rossy de Palma
30%
Saison 9 Actrice Héloïse Martin
23%
Saison 4 Actrice Laëtitia Milot
18%
Saison 2 Chanteuse Nâdiya
15%
Saison 5 Chanteuse Ophélie Winter
13%
Aucun quiz correspondant
Distribution des résultats
% des personnes avec chaque résultat
Percentile par nombre de réponses
Votre historique - résultats
Vous n’avez pas pris ce quiz depuis la dernière actualisation